000 00284cam a2200121ua 4500
999 _c8431
_d8431
082 _a891.54
_bPRE/UT
100 _aPremanand, Patel .
_93124
245 _aUthar druv se ganga /
250 _a1 /
260 _aDelhi :
_bRajkamal Prakashan ,
_c1960.
300 _a190 ; .
942 _cBK